Človek ako homo empaticus v jazyku a literatúre zborník príspevkov z medzinárodnej vedeckej konferencie, ktorá sa pod rovnomenným názvom konala 28. februára 2025 na pôde Filozofickej fakulty Prešovskej univerzity v Prešove

Salvato in:
Dettagli Bibliografici
Ente Autore: Človek ako Homo empaticus v jazyku a literatúre. Medzinárodná vedecká konferencia
Altri autori: Dohnal, Josef, Gazda, Jiří
Natura: Libro
Lingua:slovacco
inglese
russo
Pubblicazione: Prešov Prešovská univerzita v Prešove 2025
Edizione:1. vydanie
Soggetti:
Tags: Aggiungi Tag
Nessun Tag, puoi essere il primo ad aggiungerne!!

MARC

LEADER 00000nam a2200000 4500
001 0315315
005 20260309131318.0
020 |a 978-80-555-3645-3 
041 0 |a slo 
041 0 |a eng 
041 0 |a rus 
044 |a SK 
245 1 0 |a Človek ako homo empaticus v jazyku a literatúre  |b zborník príspevkov z medzinárodnej vedeckej konferencie, ktorá sa pod rovnomenným názvom konala 28. februára 2025 na pôde Filozofickej fakulty Prešovskej univerzity v Prešove  |c recenzenti: Josef Dohnal, Jiří Gazda 
250 |a 1. vydanie 
264 1 |a Prešov  |b Prešovská univerzita v Prešove  |c 2025 
300 |a 276 s. 
610 2 0 |a jazyky cudzie 
610 2 0 |a jazyk odborný 
610 2 0 |a literatúra 
610 2 0 |a ruština 
610 2 0 |a empatia 
610 2 0 |a komunikácia interkultúrna 
700 1 |a Dohnal, Josef 
700 1 |a Gazda, Jiří 
110 2 |a Človek ako Homo empaticus v jazyku a literatúre. Medzinárodná vedecká konferencia